| 000 | 00841nam a2200193 a 4500 | ||
|---|---|---|---|
| 001 | 43618 | ||
| 005 | 20180714022211.0 | ||
| 008 | 140415s1979 mx 000 0 spa d | ||
| 020 | _a9682304814 | ||
| 041 | _aspa | ||
| 082 |
_a200.9 _bHIS |
||
| 245 | 0 | 4 | _aLAS RELIGIONES EN EL MUNDO MEDITERRANEO Y EN EL ORIENTE PROXIMO. I |
| 250 | _a2a ed. | ||
| 260 |
_aMEXICO : _bSIGLO XXI EDITORES, _c1979 |
||
| 300 |
_a503 _cx 10.5 x 18 |
||
| 490 | _aHISTORIA DE LAS RELIGIONES | ||
| 520 | _aEXAMINA UNA A UNA TODAS LAS RELIGIONES PASADAS Y PRESENTES EN SU PLENA COMPLEJIDAD Y SINGULARIDAD. LA CONCIENCIA PERMANETE DE ESA PRECARIDAD DE SU AUTONOMIA NO ES EL MENOR DE LOS MERITOS DE LA HISTORIA DE LAS RELIGIONES QUE HOY PRESENTA EL SIGLO XXI. | ||
| 650 | 1 | 4 |
_aRELIGION _xHISTORIA _xEGIPTO HISTORIA RELIGION _xISLAMISMO HISTORIA RELIGION |
| 999 |
_c43618 _d43618 |
||